Derecho marcario

Gardado en:
Detalles Bibliográficos
Autor Principal: Morales Andrade, Marcos Daniel (autor)
Formato: Libro
Idioma:Lingua castelá
Publicado: Santiago Jurídica Conosur 2001
Subjects:
Tags: Engadir etiqueta
Sen Etiquetas, Sexa o primeiro en etiquetar este rexistro!

MARC

LEADER 00000nam a2200000 a 4500
001 UCN3892
003 CL-VaPUC
008 010713e20010000CL |||||||||||||||||spa|d
082 0 4 |a 346.048  |b MOR  |2 21 
100 |a Morales Andrade, Marcos Daniel  |e autor  |9 460502 
245 1 0 |a Derecho marcario 
300 |a 1009 p 
942 |c BK 
945 |d 20010713 00:00:00  |a vberengu 
260 |a Santiago  |b Jurídica Conosur  |c 2001 
650 0 |a Marcas comerciales   |9 386702 
650 0 |a Propiedad industrial  |9 255086 
650 0 |a Procedimiento administrativo  |9 256132 
650 0 |a Recursos procesales  |9 255595 
583 |a last modification  |c 20010713 00:00:00  |k Rodrigo Vera 
999 |c 296563  |d 296561 
952 |0 0  |1 0  |4 0  |6 346_048000000000000_MOR_2001  |7 0  |8 A  |9 350440  |a BIBDER  |b BIBDER  |d 2019-11-20  |i 3704629  |l 1  |o 346.048 MOR 2001  |p 3704629  |r 2025-04-25  |s 2025-04-23  |w 2019-11-20  |y BK  |k DER